Gender perspectives in development : gender analysis in planning and women empowerment /
محفوظ في:
| المؤلف الرئيسي: | |
|---|---|
| التنسيق: | كتاب |
| منشور في: |
Mzumbe, [Tanzania] :
Research and Publications Dept., [Mzumbe University],
2004.
|
| الموضوعات: | |
| الوسوم: |
إضافة وسم
لا توجد وسوم, كن أول من يضع وسما على هذه التسجيلة!
|
MARC
| LEADER | 00000cam a2200000 a 4500 | ||
|---|---|---|---|
| 020 | |a 9987617433 |c TZS 3100/= | ||
| 040 | |a MUL |b eng. |e AACR | ||
| 082 | 0 | 0 | |a 305.3 TEM |
| 100 | 1 | |a Temba, E. I. | |
| 245 | 1 | 0 | |a Gender perspectives in development : |b gender analysis in planning and women empowerment / |c Eulalia I. Tembo. |
| 260 | |a Mzumbe, [Tanzania] : |b Research and Publications Dept., [Mzumbe University], |c 2004. | ||
| 300 | |a vi, 75 p. : |b ill. ; |c 21 cm. | ||
| 504 | |a Includes bibliographical references. | ||
| 546 | |a eng. | ||
| 650 | 0 | |a Women in development |z Tanzania. | |
| 650 | 0 | |a Women in development |z Tanzania | |
| 942 | |c BK | ||
| 999 | |c 9251 |d 9251 | ||